Statistics for Australian Ducks and Geese

Click here to take the quiz!

General Stats

  • This quiz has been taken 73 times
  • The average score is 13 of 21

Answer Stats

Answer% Correct
Black Swan
83%
Mallard
83%
Australian Wood Duck
75%
Freckled Duck
75%
Hardhead
75%
Australian Shelduck
67%
Blue-billed Duck
67%
Cape Barren Goose
67%
Grey Teal
67%
Musk Duck
67%
Pacific Black Duck
67%
Pink-eared Duck
67%
Wandering Whistling-Duck
67%
Australian Shoveler
58%
Chestnut Teal
58%
Plumed Whistling-Duck
58%
Radjah Shelduck
58%
Mute Swan
50%
Cotton Pygmy-goose
42%
Green Pygmy-goose
42%
Garganey
25%

Score Distribution

Percentile by Number Answered

Percent of People with Each Score

Your Score History

You have not taken this quiz